• 首页
  • 本馆介绍
  • 公告通知
  • 最新文献
  • 馆藏检索
  • 电子资源
  • 读者导购
  • 参考咨询
  • 我的图书馆
  • 登录
  • 详细信息显示
  • 放入我的书架
  • 预约/预借图书
  • 作者相关作品
  • 分类相关作品
  • 丛书相关作品
  • 出版社相关作品

书目信息

  • 表格格式
  • 工作单格式
  • 卡片格式
题名:
解毒《红楼梦》的禅文化
    
 
作者: 悟澹 著
分册:  
出版信息: 广州   中山大学出版社  2016
页数: 14,10,251页
开本: 21cm
丛书名:
单 册:
中图分类: I207.411 , B946.5
科图分类:
主题词:
电子资源:
ISBN: 978-7-306-05862-1
000 01070nam0 22002411 450
001 0120082202
005 20170320082202.0
010    @a978-7-306-05862-1@dCNY55.00
100    @a20170117d2016 em y0chiy50 ea
101 0  @achi
102    @aCN@b440000
105    @aa z 000yy
106    @ar
200 1  @a解毒《红楼梦》的禅文化@9jie du hong lou meng de chan wen hua@e繁体插画版@f悟澹著
210    @a广州@c中山大学出版社@d2016
215    @a14,10,251页@d21cm
330    @a本书为中山大学出版社2015年10月出版的《解毒〈红楼梦〉的禅文化》一书的插画版。作者站在传统文学和佛教文学的角度来解读《红楼梦》,作者立意以慈悲、和谐、和美、和善的角度与读者对话,安抚大众的浮躁心态,同时也希望用比较有哲理性的文字能够让大家不要再去抱怨周边的一切,而是在传统的文学世界和佛教文学世界中,找到真实生活中的真善美,所以作者把自己定义为一个医生,为每一位读者的生活把脉解毒。
605    @a《红楼梦》@Ahong lou meng@x关系@x禅宗@x研究
690    @aI207.411@v5
690    @aB946.5@v5
701  0 @a悟澹@9wu dan@4著
801  0 @aCN@bTANGWEI@c20170308
905    @b0956836-9@dI207.411@e745@f4
    
    解毒《红楼梦》的禅文化:繁体插画版/悟澹著.-广州:中山大学出版社,2016
    14,10,251页;21cm
    
    
    ISBN 978-7-306-05862-1:CNY55.00
    本书为中山大学出版社2015年10月出版的《解毒〈红楼梦〉的禅文化》一书的插画版。作者站在传统文学和佛教文学的角度来解读《红楼梦》,作者立意以慈悲、和谐、和美、和善的角度与读者对话,安抚大众的浮躁心态,同时也希望用比较有哲理性的文字能够让大家不要再去抱怨周边的一切,而是在传统的文学世界和佛教文学世界中,找到真实生活中的真善美,所以作者把自己定义为一个医生,为每一位读者的生活把脉解毒。
●
相关链接 在E读中查询图书 在五车中查询图书 在当当中查询图书 在豆瓣中查询图书


正题名:解毒《红楼梦》的禅文化     索取号:I207.411/745         预约/预借

序号 登录号 条形码 馆藏地/架位号 状态 备注
1 0956836   209568369   第一样本阅览室/ [索取号:I207.411/745] 在馆    
2 0956837   209568378   第二借阅区/ [索取号:I207.411/745] 在馆    
3 0956838   209568387   第二借阅区/ [索取号:I207.411/745] 在馆    
4 0956839   209568396   第二借阅区/ [索取号:I207.411/745] 在馆    
唐山师范学院图书馆 欢迎您!
大连网信软件有限公司© 版权所有